000 00581nam a2200205Ia 4500
003 GCL
008 140319s9999 xx 000 0 eng d
040 _aGCL /
_cGCL
082 0 4 _a370.115
_bR D
100 1 _aRUEFF - ESCOULBES, CLAIRE
245 1 0 _aLA DEMOCRATIC DANS L'ECOLE: UNE PRATIQUE D'EXPRESSION DES ELEVES /
_cRUEFF - ESCOULBES, CLAIRE
700 1 _aMENDEL, GERARD
260 _a[S.N] :
_bSYROS ،
_c1997
300 _a237 P
650 0 4 _aPRACTICAL TEACHING
650 0 4 _aEDUCATION
650 0 4 _aSCHOOL PRACTICE
650 0 4 _aSTUDENT GOVERNMENT
942 _2ddc
_cBK
999 _c16118
_d16118